Countries in mens tennis top 100 - Statistics

General Stats
  • This quiz has been taken 312 times
    202 since last reset
  • The average score is 32 of 36
Answer Stats
Number Answer Example Player % Correct
11 France Ugo Humbert
99%
3 Russia Karen Khachanov
99%
1 Greece Stefanos Tsitsipas
97%
8 Italy Jannik Sinner
97%
4 Japan Yoshihito Nishioka
97%
8 Spain Alejandro Davidovich Fokina
97%
2 Switzerland Stan Wawrinka
97%
9 USA Steve Johnson
97%
5 Serbia Laslo Djere
96%
5 Argentina Federico Delbonis
95%
3 UK Cameron Norrie
95%
5 Australia Jordan Thompson
94%
5 Germany Yannick Hanfmann
94%
2 Poland Hubert Hurkacz
94%
1 Belgium David Goffin
93%
4 Canada Vasek Pospisil
93%
2 Austria Dennis Novak
92%
2 Croatia Borna Coric
92%
1 Sweden Mikael Ymer
92%
1 Portugal Joao Sousa
91%
1 Brazil Thiago Monteiro
90%
1 Bulgaria Grigor Dimitrov
90%
1 Chile Cristian Garin
89%
1 Norway Casper Ruud
89%
1 Finland Emil Ruusuvuori
86%
1 South Korea Soonwoo Kwon
84%
1 Czech Republic Jiri Vesely
83%
1 South Africa Lloyd Harris
82%
1 Georgia Nikoloz Basilashvili
81%
2 Hungary Attila Balazs
76%
1 Uruguay Pablo Cuevas
76%
2 Kazakhstan Alexander Bublik
75%
1 Slovenia Aljaz Bedene
75%
1 Belarus Egor Gerasimov
72%
1 Lithuania Ricardas Berankis
68%
1 Moldova Radu Albot
56%
No matching quizzes found
Score Distribution
Percent of People with Each Score
Percentile by Number Answered
Your Score History
You have not taken this quiz since the last reset